000 00977nam a22002657a 4500
005 20170123162325.0
010 _aA-998598
020 _c100.00
035 _aA-998598
037 _bCen Lib/Ret
040 _aDPL
_bUR
082 _a841
_bب ے ش
100 _aبیشلر، وولفگانگ
_9673
245 _aدودی دروازے /
_c وولفگانگ بیشلر ؛ مرتجم منیر د. احمد
246 _aDoodi darwaze /
_bby Wolfgang Bachler ; translated by Munir D. Ahmed
260 _aنیی دہلی
_bمعیار پبلیکیشنز
_c1999
270 _bنیی دہلی
_aکے،٣٠٢، تاج انکلیو گیتا کالونی
_e110031
300 _a160p.
_c21cm(Hb)
650 _a ادب - اردو
_9119037
650 _a جرمن -- اردو شاعری
_9482
650 _aLiterature -- Urdu
_9119038
650 _aUrdu poetry (German)
_9119039
700 _aمنیر د. احمد
_9113272
942 _2ddc
_cUR
_h841
_mب ے ش
999 _c107376
_d107376